First 104 words of Twilight Saga: New Moon Preface - Statistics

General Stats
  • This quiz has been taken 619 times
  • The average score is 38 of 104
Answer Stats
Answer % Correct
I
97%
i
97%
the
75%
to
62%
was
62%
in
60%
and
59%
for
56%
no
55%
you
55%
me
54%
My
54%
my
54%
have
53%
of
48%
like
41%
as
40%
they
40%
but
39%
where
39%
life;
38%
life
38%
one
37%
your
37%
run,
36%
run
36%
This
36%
dream,
35%
can't
32%
those
32%
felt
31%
With
29%
didn't
27%
nightmare,
27%
way
27%
fast
26%
make
25%
move
25%
end -
24%
end
24%
legs
24%
body
23%
more
23%
through
22%
own
21%
something
21%
everything.
20%
nightmares,
20%
running
20%
save
20%
trapped
19%
clock
18%
crowd,
18%
enough.
18%
lungs
18%
ones
18%
till
18%
toward
18%
wasn't
18%
meant
17%
slow.
17%
hands
16%
little
16%
fought
15%
seemed
15%
tower
15%
burst,
14%
precious.
14%
slower
14%
terrifying
14%
huge
13%
today.
13%
turned
13%
unlike
12%
callous
11%
racing
11%
relentless,
11%
uncaring
11%
inexorably
10%
on the
6%
fource,
2%
infinitelty
1%
No matching quizzes found
Score Distribution
Percent of People with Each Score
Percentile by Number Answered
Your Score History
You have not taken this quiz